| 000 | 00390pab a2200157 454500 | ||
|---|---|---|---|
| 008 | 180718b1999 xxu||||| |||| 00| 0 eng d | ||
| 100 | _aMustafa, Seema | ||
| 245 | _aVictim of the dynasty and saviour of the party | ||
| 260 | _c1999 | ||
| 300 | _ap.12 | ||
| 362 | _a22 May | ||
| 650 | _aPolitical parties - India | ||
| 650 | _aPolitical parties | ||
| 773 | _aAsian Age | ||
| 909 | _a42188 | ||
| 999 |
_c42188 _d42188 |
||